Normal view
MARC view
- Gulzar Ahmed
Entry Personal Name
001 - CONTROL NUMBER
- control field: 37486
003 - CONTROL NUMBER IDENTIFIER
- control field: NUST
005 - DATE AND TIME OF LATEST TRANSACTION
- control field: 20210314130307.0
008 - FIXED-LENGTH DATA ELEMENTS
- fixed length control field: 210314|| aca||aabn | a|a d
040 ## - CATALOGING SOURCE
- Original cataloging agency: NUST
- Transcribing agency: NUST
100 ## - HEADING--PERSONAL NAME
- Personal name: Gulzar Ahmed
670 ## - SOURCE DATA FOUND
- Source citation: Work cat.: (NUST): Gulzar Ahmed, The Battles of the Prophet of Allah (S.A.W.), 1986
